| Tag |
First Indicator |
Second Indicator |
Subfields |
| LEADER |
00000cam a22000008a 4500 |
| 001 |
in00000023655 |
| 005 |
20151007054303.0 |
| 008 |
870327s1987 inu b s00110 eng |
| 010 |
|
|
|a 87045323
|
| 020 |
|
|
|a 0253339979
|
| 035 |
|
|
|a (OCoLC)15521563
|
| 035 |
|
|
|9 AAB4573AM
|
| 040 |
|
|
|a DLC
|c DLC
|d TXA
|d UtOrBLW
|
| 049 |
|
|
|a TXAM
|c [A11109791]
|
| 050 |
0 |
0 |
|a PN56.E65
|b N56 1988
|
| 050 |
|
4 |
|a PN56.E65
|b N56 1987
|
| 082 |
0 |
|
|a 809.1/3
|2 19
|
| 100 |
1 |
|
|a Nimis, Stephen A.
|
| 245 |
1 |
0 |
|a Narrative semiotics in the epic tradition :
|b the simile /
|c Stephen A. Nimis.
|
| 263 |
|
|
|a 8804
|
| 264 |
|
1 |
|a Bloomington, IN :
|b Indiana University Press,
|c [1987]
|
| 264 |
|
4 |
|c ©1987
|
| 300 |
|
|
|a 211 pages
|
| 336 |
|
|
|a text
|b txt
|2 rdacontent
|
| 337 |
|
|
|a unmediated
|b n
|2 rdamedia
|
| 338 |
|
|
|a volume
|b nc
|2 rdacarrier
|
| 504 |
|
|
|a Bibliography: pages 200-206.
|
| 500 |
|
|
|a Includes index.
|
| 650 |
|
0 |
|a Epic literature
|x History and criticism.
|
| 650 |
|
0 |
|a Semiotics and literature.
|
| 650 |
|
0 |
|a Simile.
|
| 999 |
|
|
|a MARS
|
| 999 |
f |
f |
|s 982b7928-eb5b-3458-9808-4b1242ff9926
|i 99470ec8-2d12-33a5-9db4-ed72ab4ebc69
|t 0
|
| 952 |
f |
f |
|p ric
|a Texas A&M University
|b Rellis Campus
|c Joint Library Facility
|d Remote Storage
|t 0
|e PN56.E65 N56 1987
|h Library of Congress classification
|i unmediated -- volume
|m A14811109791
|
| 998 |
f |
f |
|a PN56.E65 N56 1987
|t 0
|l Remote Storage
|